Rokovanie v Kremli Samora Moisés Machel v ZSSR

Bibliographic Details
Format: Article
Language:Slovak
Subjects:

MARC

LEADER 00000nab a2200000 a 4500
001 vtls000243719
003 SK-MaSNL
005 20260304053115.0
008 111130c1986 xo 0 slo
015 |a SNBRB19rr/mm-uuuuu 
035 |a CL0253833 
040 |a SNKBUCL  |b slo  |c SNKBUCL  |e AACR2 
041 0 |a slo 
044 |a xo  |c SK 
080 |a 327(100-11)(47:679)  |2 1981 
080 |a 327(100-19)(679)  |2 1981 
245 0 0 |a Rokovanie v Kremli  |b Samora Moisés Machel v ZSSR 
651 7 |a Mozambik  |2 snkbucl  |9 27628 
651 7 |a Sovietsky zväz  |2 snkbucl  |9 22126 
655 7 |a články z novín a časopisov  |2 snkbucl  |9 267496 
773 0 |t Pravda  |g Roč. 67, č. 76 (1. 4. 1986), s. 7 
850 |a Slovenská národná knižnica v Martine  |a MTA001 
852 |a SNK  |b KIS3GCP 
958 |a RK 
958 |a SU 
992 |a RBX 
999 |c 2711721  |d 2713651